00311nam a22001217a 4500022002200000041000800022082001300030100002700043245005300070260004100123300000800164650001700172 a978-81-7261-256-6 aENG a232bOSH aOsho(Bhagwan Rajneesh) aI Say Unto You V1: Talks on the Sayings of Jesus aPunebOsho Media Internationalc1979 a265 aSpirituality